000 00713nam a2200265Ia 4500
005 20260121165320.0
008 008 260114s9999 xx 000 0 eng d
020 _a9783319296777
037 _aEBOOK
040 _aCRL
040 _beng
040 _cCRL
041 _2eng
041 _aeng
084 _qCRL
100 _aMarta Peris-Ortiz, João J. Ferreira, Luís Farinha, Nuno O. Fernandes
_91050180
245 0 _aMultiple Helix Ecosystems for Sustainable Competitiveness
260 _bSpringer
260 _bSpringer
260 _c2016
856 _uhttps://link.springer.com/openurl?genre=book&isbn=978-3-319-29677-7
942 _cEBOOK
999 _c1615905
_d1615905